[Event "Sparkassen-Open A"]
[Site "Heusenstamm, Martinsee"]
[Date "2017.11.26"]
[Round "7.91"]
[White "Rüll, Michael"]
[Black "Thomele, Michael"]
[Result "1/2-1/2"]
[WhiteElo "1801"]
[BlackElo "1901"]
[PlyCount "50"]
[EventDate "2017.??.??"]
[WhiteTeam "SC Obertshausen"]
[BlackTeam "SC Obernau"]

1. d4 d5 2. Bf4 Nf6 3. e3 c6 4. c3 Bf5 5. Nf3 e6 6. Nh4 Bg6 7. Qb3 Qb6 8. Be2
Be7 9. Nd2 Nbd7 10. O-O Nh5 11. Nxg6 hxg6 12. Be5 Qxb3 13. axb3 f6 14. Bc7 Rc8
15. Rxa7 Rxc7 16. g4 Kf7 17. b4 Bd6 18. gxh5 gxh5 19. Rfa1 g6 20. Nb3 Rb8 21.
Nc5 Ke7 22. Ra8 Rcc8 23. R8a7 Rc7 24. Ra8 Rcc8 25. R8a7 Rc7 1/2-1/2

[Event "Sparkassen-Open A"]
[Site "Heusenstamm, Martinsee"]
[Date "2017.11.26"]
[Round "7.92"]
[White "Binner, Peter"]
[Black "Hinrichs, Paul"]
[Result "1/2-1/2"]
[WhiteElo "1788"]
[BlackElo "1844"]
[PlyCount "118"]
[EventDate "2017.??.??"]
[WhiteTeam "Vorw.Orient Mainz"]
[BlackTeam "SK Bingen"]

1. e4 c6 2. c4 d5 3. exd5 cxd5 4. cxd5 Nf6 5. Nc3 g6 6. Bc4 Bg7 7. Nf3 Nbd7 8.
O-O O-O 9. d4 Nb6 10. Bb3 Nbxd5 11. Re1 b6 12. Ne5 Bb7 13. Bg5 Nxc3 14. bxc3
Ne4 15. Nf3 Qd7 16. Qd3 Nxg5 17. Nxg5 Qc6 18. Ne4 e6 19. f3 Rac8 20. Rac1 Rc7
21. Rc2 Rfc8 22. Qe3 Qd7 23. Rd1 a5 24. a4 Bd5 25. Rb1 Bxe4 26. Qxe4 Rxc3 27.
Rxc3 Rxc3 28. d5 exd5 29. Qxd5 Bd4+ 30. Kh1 Qxd5 31. Bxd5 Kf8 32. h3 Rc2 33.
Re1 Rd2 34. Bc6 h5 35. Re4 Rd1+ 36. Kh2 h4 37. g4 Rd2+ 38. Kh1 Bf2 39. Bb5 Bc5
40. Re2 Rd1+ 41. Kh2 Rg1 42. Rd2 Rg3 43. Bc6 Bg1+ 44. Kh1 Be3 45. Rg2 Rxh3+ 46.
Rh2 Rxh2+ 47. Kxh2 g5 48. Kg2 Ke7 49. Bb5 Ke6 50. Be8 f6 51. Bb5 Ke5 52. Bd7
Kf4 53. Bc6 Bc5 54. Bb5 Ke3 55. Bc6 Bd4 56. Bb5 h3+ 57. Kxh3 Kxf3 58. Bc6+ Kf2
59. Bb5 Be5 1/2-1/2

[Event "Sparkassen-Open A"]
[Site "Heusenstamm, Martinsee"]
[Date "2017.11.26"]
[Round "7.93"]
[White "Weiland, Thomas"]
[Black "Sauer, Bernd"]
[Result "0-1"]
[WhiteElo "1787"]
[BlackElo "1862"]
[PlyCount "118"]
[EventDate "2017.??.??"]
[WhiteTeam "SV Oberursel"]
[BlackTeam "SF Essen-Katernberg"]

1. e4 c6 2. Nf3 d5 3. exd5 cxd5 4. d4 Nc6 5. c3 Bf5 6. Bd3 Bxd3 7. Qxd3 e6 8.
Bg5 Nf6 9. Nbd2 Be7 10. O-O O-O 11. Rfe1 a6 12. Ne5 Rc8 13. Ndf3 Ne4 14. Nxc6
Rxc6 15. Bxe7 Qxe7 16. Nd2 Nd6 17. Re2 Rfc8 18. Rae1 Rb6 19. b3 Rbc6 20. Nb1
Ne4 21. Rc2 b5 22. Rec1 Nd6 23. Nd2 Qc7 24. a3 a5 25. b4 a4 26. Qg3 Qa7 27. Qd3
R8c7 28. h3 Qb8 29. Kh1 Qc8 30. Kg1 Kh8 31. Kh1 Qg8 32. Kg1 f6 33. Kh1 e5 34.
f3 Qe6 35. Re1 g6 36. dxe5 fxe5 37. Kg1 Kg7 38. Rec1 Kf7 39. Kh2 Ke8 40. Re1
Re7 41. Kg1 Kd8 42. Kh2 Kc8 43. Nf1 e4 44. fxe4 dxe4 45. Qd4 Kb7 46. Ne3 Nf5
47. Nxf5 gxf5 48. Rd1 Rec7 49. Qd5 Ka6 50. Qxe6 Rxe6 51. Kg3 e3 52. Kf3 Rc4 53.
Rd3 f4 54. Re2 Rg6 55. g4 h5 56. Rg2 hxg4+ 57. hxg4 Rh6 58. Rd4 Rxc3 59. Ra2
e2+ 0-1

[Event "Sparkassen-Open A"]
[Site "Heusenstamm, Martinsee"]
[Date "2017.11.26"]
[Round "7.94"]
[White "Haller, Luis"]
[Black "Bittner, Peter"]
[Result "0-1"]
[WhiteElo "1711"]
[BlackElo "1877"]
[PlyCount "58"]
[EventDate "2017.??.??"]
[WhiteTeam "SF Konz-Karthaus"]
[BlackTeam "SC Nied"]

1. d4 Nf6 2. c4 e6 3. Nc3 Bb4 4. Bg5 c5 5. e3 cxd4 6. exd4 O-O 7. Bd3 d5 8.
cxd5 exd5 9. Nge2 Bd7 10. O-O Bc6 11. a3 Bd6 12. Bf4 a6 13. Qc2 Bxf4 14. Nxf4
Qd6 15. Nfe2 Nbd7 16. Ng3 g6 17. f4 Rae8 18. f5 Ng4 19. Rf3 Qf6 20. Nce2 Re3
21. Rxe3 Nxe3 22. Qd2 Re8 23. fxg6 hxg6 24. Nf1 Ng4 25. Nfg3 Qf2+ 26. Kh1 Ne3
27. Rg1 Kg7 28. Qe1 Ng4 29. Rf1 Qxe1 0-1

[Event "Sparkassen-Open A"]
[Site "Heusenstamm, Martinsee"]
[Date "2017.11.26"]
[Round "7.95"]
[White "Kail, Sindy"]
[Black "Reichel, Günther"]
[Result "1/2-1/2"]
[WhiteElo "1861"]
[BlackElo "1740"]
[PlyCount "36"]
[EventDate "2017.??.??"]
[WhiteTeam "SK Klingenberg"]
[BlackTeam "SC-SF Stockstadt"]

1. e4 c5 2. Nf3 Nc6 3. d4 cxd4 4. Nxd4 d6 5. Be3 Nf6 6. Be2 Nxe4 7. Bf3 Nxd4 8.
Bxd4 Qa5+ 9. c3 Ng5 10. Be2 e5 11. Be3 Ne6 12. O-O Be7 13. Na3 O-O 14. Nc4 Qc7
15. Qc2 b5 16. Bf3 Rb8 17. Na3 a6 18. c4 b4 1/2-1/2

[Event "Sparkassen-Open A"]
[Site "Heusenstamm, Martinsee"]
[Date "2017.11.26"]
[Round "7.96"]
[White "Wenzel, Calvin"]
[Black "Reinhold, Günther"]
[Result "1/2-1/2"]
[WhiteElo "1629"]
[BlackElo "1861"]
[PlyCount "102"]
[EventDate "2017.??.??"]
[WhiteTeam "SK Gernsheim"]
[BlackTeam "Frankfurter TV"]

1. e3 Nf6 2. b3 d5 3. Bb2 c5 4. f4 e6 5. Nf3 Nc6 6. Bb5 Bd7 7. O-O Be7 8. Ne5
Nxe5 9. fxe5 Bxb5 10. exf6 Bxf6 11. Bxf6 gxf6 12. c4 Bc6 13. Qg4 f5 14. Qg7 Ke7
15. Qe5 f6 16. Qf4 dxc4 17. Qxc4 b6 18. Rf2 Rg8 19. Nc3 Rg4 20. Qe2 Qd6 21. e4
Bxe4 22. Nxe4 Rxe4 23. Qh5 Rh8 24. Qh6 Rg4 25. Re1 Rg6 26. Qh5 Kf7 27. Qf3 Rd8
28. Rfe2 Qd5 29. Qh3 h6 30. Rxe6 Qxd2 31. R6e2 Qd4+ 32. Kf1 Qf4+ 33. Rf2 Qg4
34. Qe3 Qe4 35. Qxe4 fxe4 36. Rxe4 Rg5 37. Rfe2 Rf5+ 38. Ke1 Rd7 39. Re8 Rfd5
40. Rh8 Kg7 41. Rhe8 Rd1+ 42. Kf2 R1d2 43. Ke1 Rxe2+ 44. Kxe2 Kf7 45. Rh8 Kg7
46. Ra8 a5 47. Rb8 Rd6 48. Ke3 f5 49. Rb7+ Kg6 50. Rb8 Rf6 51. Kf4 Re6 1/2-1/2

[Event "Sparkassen-Open A"]
[Site "Heusenstamm, Martinsee"]
[Date "2017.11.26"]
[Round "7.97"]
[White "Feicht, Arno"]
[Black "Seepe, Uwe"]
[Result "1-0"]
[WhiteElo "1988"]
[BlackElo "1662"]
[PlyCount "53"]
[EventDate "2017.??.??"]
[WhiteTeam "SV Alsfeld"]
[BlackTeam "SV Königsspringer Lemgo"]

1. e4 e5 2. f4 exf4 3. Nf3 d5 4. exd5 Nf6 5. Bc4 Bd6 6. O-O O-O 7. Nc3 Nbd7 8.
d4 Nb6 9. Bb3 Re8 10. Qd3 Ng4 11. Nb5 g6 12. c4 Bf5 13. Qc3 c6 14. dxc6 bxc6
15. Nxd6 Qxd6 16. c5 Qc7 17. cxb6 axb6 18. Ng5 Re3 19. Bxe3 fxe3 20. Bxf7+ Kg7
21. g3 Kh6 22. d5 Kxg5 23. Rxf5+ Kxf5 24. Be6+ Kg5 25. Bxg4 Kxg4 26. Qd4+ Kg5
27. Qh4+ 1-0

[Event "Sparkassen-Open A"]
[Site "Heusenstamm, Martinsee"]
[Date "2017.11.26"]
[Round "7.98"]
[White "Bastian, Ben"]
[Black "Günther, Andreas"]
[Result "0-1"]
[WhiteElo "1675"]
[BlackElo "1991"]
[PlyCount "52"]
[EventDate "2017.??.??"]
[WhiteTeam "SC Herborn"]
[BlackTeam "SG Wächtersbach"]

1. d4 Nf6 2. c4 g6 3. Nc3 Bg7 4. e4 d6 5. Nf3 O-O 6. Be2 e5 7. d5 a5 8. a4 Nh5
9. g3 f5 10. exf5 Bxf5 11. Nh4 Nf6 12. Nxf5 gxf5 13. O-O Na6 14. Bg5 Qd7 15.
Qc1 Nc5 16. Ra3 Qf7 17. Bh6 Qg6 18. Bxg7 Kxg7 19. Nb5 Rf7 20. Qd1 h5 21. Kh1
Rh8 22. Rg1 Kf8 23. Bd3 Ng4 24. Rg2 Rfh7 25. h4 Kg8 26. Qf3 e4 0-1

[Event "Sparkassen-Open A"]
[Site "Heusenstamm, Martinsee"]
[Date "2017.11.26"]
[Round "7.99"]
[White "Becker, Peter"]
[Black "Nickel, Jonas"]
[Result "0-1"]
[WhiteElo "1952"]
[BlackElo "1776"]
[PlyCount "92"]
[EventDate "2017.??.??"]
[WhiteTeam "SF Schöneck"]
[BlackTeam "SG Wächtersbach"]

1. f4 d5 2. e3 Nf6 3. Nf3 g6 4. b3 Bg7 5. Bb2 c5 6. Bb5+ Bd7 7. Bxd7+ Nbxd7 8.
O-O b5 9. d3 Rc8 10. Nbd2 Nb6 11. Qe2 O-O 12. c4 a6 13. a4 bxa4 14. bxa4 Qd6
15. Be5 Qc6 16. a5 Nbd7 17. cxd5 Nxd5 18. Bxg7 Kxg7 19. Nc4 Rb8 20. g3 Rb3 21.
e4 Nb4 22. Rfd1 Rb8 23. d4 cxd4 24. Nxd4 Qc5 25. Rac1 Nf6 26. Kg2 Nc6 27. Nxb3
Rxb3 28. Nd2 Rc3 29. Rxc3 Qxc3 30. Qxa6 Qc2 31. Qe2 Nxe4 32. Kf1 Nc3 33. Rc1
Qxc1+ 34. Qe1 Qxe1+ 35. Kxe1 Nxa5 36. Nf3 Nc6 37. Kd2 Nd5 38. Kd3 Kf6 39. Ke4
Nc3+ 40. Kd3 Nd5 41. Ke4 Ndb4 42. g4 h6 43. h4 Ke6 44. h5 f5+ 45. gxf5+ gxf5+
46. Ke3 Nd5+ 0-1

[Event "Sparkassen-Open A"]
[Site "Heusenstamm, Martinsee"]
[Date "2017.11.26"]
[Round "7.100"]
[White "Sallwey, Rainer"]
[Black "Bengsch, Norbert"]
[Result "0-1"]
[WhiteElo "1436"]
[BlackElo "1799"]
[PlyCount "64"]
[EventDate "2017.??.??"]
[WhiteTeam "SK Langen"]
[BlackTeam "SG Donautal Tuttlingen"]

1. f4 d5 2. Nf3 Bg4 3. e3 Bxf3 4. Qxf3 Nf6 5. d3 Nc6 6. c3 e5 7. Qe2 Bd6 8. f5
e4 9. d4 Qd7 10. g4 h5 11. g5 Nh7 12. h4 Qxf5 13. Bh3 Bg3+ 14. Kd1 Qf2 15. Qxf2
Bxf2 16. Bg2 Bg3 17. Rh3 Bd6 18. a3 O-O 19. Nd2 Ne7 20. c4 c6 21. c5 Bc7 22.
Nf1 f5 23. Bd2 f4 24. exf4 Bxf4 25. Ke2 Bxd2 26. Nxd2 Rf4 27. Rf1 Raf8 28. Rhh1
Rxf1 29. Bxf1 Nf5 30. Rh3 Nxd4+ 31. Kd1 g6 32. b4 Rf4 0-1

[Event "Sparkassen-Open A"]
[Site "Heusenstamm, Martinsee"]
[Date "2017.11.26"]
[Round "7.101"]
[White "Tjahja, Deryl"]
[Black "Riemann, Jonas"]
[Result "1/2-1/2"]
[WhiteElo "1904"]
[BlackElo "1717"]
[PlyCount "143"]
[EventDate "2017.??.??"]
[WhiteTeam "SGem Vaihingen-Rohr"]
[BlackTeam "SK Bickenbach"]

1. e4 e6 2. d3 d5 3. Qe2 Nf6 4. Nf3 c5 5. g3 Nc6 6. Bg2 Be7 7. O-O O-O 8. Re1
d4 9. e5 Nd5 10. Nbd2 b6 11. Nf1 Bb7 12. h4 Qc7 13. N1h2 Rae8 14. Ng5 h6 15.
Nh3 f6 16. exf6 Bxf6 17. Ng4 h5 18. Nh2 Qf7 19. Bf3 Qd7 20. Bxh5 Re7 21. Bg6
Ne5 22. Be4 Nb4 23. Bxb7 Qxb7 24. a3 Nd5 25. Ng4 Nc3 26. bxc3 Nf3+ 27. Kf1 Nxe1
28. Kxe1 Qh1+ 29. Ng1 Qd5 30. Nxf6+ gxf6 31. Qe4 Qxe4+ 32. dxe4 Rd7 33. Bb2 e5
34. Ke2 Rfd8 35. Nf3 d3+ 36. cxd3 Rxd3 37. g4 R3d6 38. Rg1 c4 39. Bc1 Rd3 40.
Bd2 Rxf3 41. Kxf3 Rxd2 42. g5 Rd3+ 43. Ke2 Rxc3 44. gxf6+ Kf7 45. Rg7+ Kxf6 46.
Rxa7 Rh3 47. Rb7 Rb3 48. a4 Rb2+ 49. Ke3 Rb3+ 50. Kd2 Kg6 51. Re7 Kf6 52. Rc7
Rb4 53. Kc3 Rxa4 54. Rc6+ Kf7 55. Rxb6 Ra2 56. Kxc4 Rxf2 57. Kd5 Rh2 58. Rh6
Kg7 59. Rh5 Kg6 60. Rf5 Rxh4 61. Kxe5 Rh1 62. Rf2 Ra1 63. Rd2 Kf7 64. Rd7+ Ke8
65. Ke6 Ra4 66. e5 Ra6+ 67. Rd6 Ra7 68. Rb6 Re7+ 69. Kd6 Rd7+ 70. Kc6 Ke7 71.
Rb8 Rd1 72. Rb7+ 1/2-1/2

[Event "Sparkassen-Open A"]
[Site "Heusenstamm, Martinsee"]
[Date "2017.11.26"]
[Round "7.102"]
[White "Ohler, Julius"]
[Black "Mao, Yvonne"]
[Result "0-1"]
[WhiteElo "1646"]
[BlackElo "1856"]
[PlyCount "116"]
[EventDate "2017.??.??"]
[WhiteTeam "SG Trier"]
[BlackTeam "SK Gernsheim"]

1. d4 g6 2. e4 Bg7 3. c4 c5 4. d5 d6 5. Nc3 Nf6 6. Be3 O-O 7. f4 Ng4 8. Bd2 Bd4
9. Nh3 Ne3 10. Bxe3 Bxe3 11. Qd3 Bd4 12. Ng5 Na6 13. a3 Nc7 14. Nf3 Bg7 15. Be2
a6 16. Rb1 b5 17. cxb5 axb5 18. Nxb5 Ba6 19. a4 Rb8 20. O-O Nxb5 21. axb5 Bxb5
22. Qc2 Bxe2 23. Qxe2 Rb4 24. Qc2 Qb6 25. Rf2 Rb8 26. e5 Rxf4 27. exd6 exd6 28.
Qd2 Rb4 29. Kh1 Rxb2 30. Rxb2 Qxb2 31. Qxb2 Rxb2 32. Rf1 Ra2 33. h3 Ra1 34. Kg1
Bd4+ 35. Nxd4 Rxf1+ 36. Kxf1 cxd4 37. Ke2 Kg7 38. Kd3 Kf6 39. Kxd4 Kf5 40. g3
h5 41. Kc4 Ke5 42. g4 hxg4 43. hxg4 g5 44. Kd3 Kxd5 45. Ke3 Ke5 46. Kf3 Kd4 47.
Ke2 Ke4 48. Kf2 d5 49. Ke2 Kf4 50. Kf2 Kxg4 51. Kg2 d4 52. Kf2 f5 53. Ke2 f4
54. Kf2 d3 55. Ke1 f3 56. Kf2 d2 57. Kg1 Kg3 58. Kf1 d1=R# 0-1

[Event "Sparkassen-Open A"]
[Site "Heusenstamm, Martinsee"]
[Date "2017.11.26"]
[Round "7.103"]
[White "Berkes, Jörg"]
[Black "Dolaberidze, Nico"]
[Result "1-0"]
[WhiteElo "1831"]
[BlackElo "1454"]
[PlyCount "75"]
[EventDate "2017.??.??"]
[WhiteTeam "SK Langen"]
[BlackTeam "SV Neu-Isenburg"]

1. Nf3 Nc6 2. d4 d5 3. c4 e6 4. Nc3 dxc4 5. e4 b6 6. Bxc4 Bb7 7. O-O Nf6 8. Qa4
Be7 9. d5 exd5 10. exd5 Qd7 11. dxc6 Bxc6 12. Bb5 Bxb5 13. Qxb5 c6 14. Qb3 O-O
15. Bg5 h6 16. Bh4 Nh7 17. Rad1 Qb7 18. Bxe7 Qxe7 19. Rfe1 Qc7 20. Ne5 Rae8 21.
Ng6 Rxe1+ 22. Rxe1 Rd8 23. Re7 Qxe7 24. Nxe7+ Kf8 25. Nxc6 Re8 26. Qb4+ Kg8 27.
Kf1 Ng5 28. h4 Ne6 29. Qg4 Nc5 30. Nd5 Kh8 31. Nde7 Nd3 32. Qf5 Nxb2 33. Qxf7
Ra8 34. Ng6+ Kh7 35. Nf8+ Kh8 36. Ne7 Rxf8 37. Qxf8+ Kh7 38. Qg8# 1-0

[Event "Sparkassen-Open A"]
[Site "Heusenstamm, Martinsee"]
[Date "2017.11.26"]
[Round "7.104"]
[White "Kilthau, Peter"]
[Black "Bakiev, Diyor"]
[Result "0-1"]
[WhiteElo "1826"]
[BlackElo "1664"]
[PlyCount "60"]
[EventDate "2017.??.??"]
[WhiteTeam "SK Mannheim"]
[BlackTeam "SV Ffm-Griesheim"]

1. e4 e5 2. Nf3 Nc6 3. Bc4 Bc5 4. O-O Nf6 5. d3 h6 6. c3 d6 7. b4 Bb6 8. h3 O-O
9. a4 a6 10. Qb3 Ne7 11. Be3 c6 12. Bxb6 Qxb6 13. Qc2 d5 14. Bb3 Ng6 15. a5 Qc7
16. Nbd2 Re8 17. Rfe1 Bd7 18. c4 d4 19. Nf1 Nf4 20. Ng3 Qc8 21. Ne2 Nxg2 22.
Kxg2 Bxh3+ 23. Kh2 Ng4+ 24. Kg1 Ne3 25. fxe3 Qg4+ 26. Ng3 Qxg3+ 27. Kh1 Qxf3+
28. Kh2 Bd7 29. Qe2 Qh3+ 30. Kg1 Re6 0-1

[Event "Sparkassen-Open A"]
[Site "Heusenstamm, Martinsee"]
[Date "2017.11.26"]
[Round "7.105"]
[White "Schäfer, Peter Felix"]
[Black "Schmitt, Clemens"]
[Result "1/2-1/2"]
[WhiteElo "1813"]
[BlackElo "1713"]
[PlyCount "39"]
[EventDate "2017.??.??"]
[WhiteTeam "vereinslos"]
[BlackTeam "SV Bergwinkel"]

1. e4 c5 2. d4 cxd4 3. c3 Nf6 4. e5 Nd5 5. Nf3 Nc6 6. Bc4 e6 7. O-O Nb6 8. Bb3
d6 9. cxd4 dxe5 10. dxe5 Qxd1 11. Rxd1 Bd7 12. Nc3 Be7 13. Be3 Rd8 14. Nb5 O-O
15. Nxa7 Nc8 16. Nxc8 Bxc8 17. Bb6 Rxd1+ 18. Rxd1 f6 19. exf6 Bxf6 20. Re1
1/2-1/2

[Event "Sparkassen-Open A"]
[Site "Heusenstamm, Martinsee"]
[Date "2017.11.26"]
[Round "7.106"]
[White "Traut, Stefan"]
[Black "Boder, Jan"]
[Result "0-1"]
[WhiteElo "1695"]
[BlackElo "1756"]
[PlyCount "98"]
[EventDate "2017.??.??"]
[WhiteTeam "SF Heusenstamm"]
[BlackTeam "SG Mörsdorf-Lahr"]

1. d4 Nf6 2. Nf3 g6 3. c4 Bg7 4. Nc3 d5 5. cxd5 Nxd5 6. e4 Nxc3 7. bxc3 c5 8.
Rb1 O-O 9. Be2 cxd4 10. cxd4 Nc6 11. d5 Ne5 12. O-O Nxf3+ 13. Bxf3 b6 14. Bb2
Ba6 15. Bxg7 Kxg7 16. Qd4+ f6 17. Rfd1 Rc8 18. Rbc1 Qd7 19. Qb2 Rxc1 20. Rxc1
Rc8 21. h3 Rxc1+ 22. Qxc1 Qc8 23. Qxc8 Bxc8 24. Kf1 Kf7 25. Ke2 e6 26. dxe6+
Kxe6 27. Ke3 Ke5 28. Be2 g5 29. a3 Bd7 30. Ba6 h5 31. f3 h4 32. Bb7 a5 33. Bd5
b5 34. Ba2 b4 35. axb4 axb4 36. Bb1 b3 37. Kd3 Kf4 38. Ke2 Kg3 39. Kf1 Bb5+ 40.
Kg1 b2 41. Bc2 Bc4 42. Bb1 Bb3 43. Kf1 Kf4 44. Kf2 Bc4 45. Ke1 Kg3 46. Kd2 Kxg2
47. Kc2 Kxh3 48. Kxb2 Kg3 49. Kc3 h3 0-1

[Event "Sparkassen-Open A"]
[Site "Heusenstamm, Martinsee"]
[Date "2017.11.26"]
[Round "7.107"]
[White "Heun, Andreas"]
[Black "Gude, Michael"]
[Result "1/2-1/2"]
[WhiteElo "1713"]
[BlackElo "1659"]
[PlyCount "51"]
[EventDate "2017.??.??"]
[WhiteTeam "SC Ladja Roßdorf"]
[BlackTeam "SF Fürth"]

1. e4 e6 2. d4 d5 3. e5 c5 4. c3 Nc6 5. Nf3 Qb6 6. Bd3 cxd4 7. cxd4 Bd7 8. Bc2
Nge7 9. Nc3 Ng6 10. O-O Be7 11. a3 Rc8 12. Na4 Qc7 13. Nc3 a6 14. Be3 O-O 15.
Rc1 Qd8 16. Bd3 Na5 17. Nd2 b5 18. f4 Nc4 19. Nxc4 dxc4 20. Bb1 Bc6 21. Qh5 f5
22. Rcd1 Be8 23. Qe2 Bc6 24. Qd2 b4 25. axb4 Bxb4 26. Ba2 1/2-1/2

[Event "Sparkassen-Open A"]
[Site "Heusenstamm, Martinsee"]
[Date "2017.11.26"]
[Round "7.108"]
[White "Bitzer, André"]
[Black "Masoudi, Kian"]
[Result "1/2-1/2"]
[WhiteElo "1719"]
[BlackElo "1581"]
[PlyCount "152"]
[EventDate "2017.??.??"]
[WhiteTeam "SV Griesheim"]
[BlackTeam "SC Bergen-Enkheim"]

1. b3 e5 2. Bb2 Nc6 3. Nf3 d6 4. d4 e4 5. d5 exf3 6. dxc6 bxc6 7. exf3 Nf6 8.
Be2 Be7 9. O-O O-O 10. c4 a5 11. Nc3 h6 12. Qc2 Be6 13. Rad1 Qc8 14. Bd3 Nd7
15. Qe2 Ne5 16. Bb1 Bf5 17. Ne4 Re8 18. Rfe1 a4 19. Qe3 axb3 20. axb3 Rb8 21.
Qc3 f6 22. f4 Bxe4 23. Rxe4 Nf7 24. Rde1 Qd7 25. Qg3 Nh8 26. Re6 Bf8 27. f5 Qf7
28. Kf1 Re7 29. Rxe7 Bxe7 30. Re6 Rf8 31. Be4 Qe8 32. Bxc6 Qxc6 33. Rxe7 Rf7
34. Bxf6 Rxe7 35. Bxe7 Qe4 36. Qe3 Qxf5 37. g3 Nf7 38. Kg2 Ne5 39. c5 dxc5 40.
Bxc5 Nd7 41. Qe8+ Kh7 42. Be3 Nf6 43. Qc6 Nd5 44. Qc4 Qe6 45. Qd3+ Kg8 46. Qd4
Nf6 47. b4 Qd5+ 48. Qxd5+ Nxd5 49. Bc5 c6 50. Kf3 Kf7 51. h4 g6 52. g4 Ke6 53.
Ke4 Nf6+ 54. Kf4 Nd5+ 55. Kg3 Ke5 56. h5 g5 57. Bf8 Kf6 58. Bxh6 Nxb4 59. f4
gxf4+ 60. Kxf4 Nd5+ 61. Ke4 Ne7 62. g5+ Kf7 63. Ke5 c5 64. Ke4 c4 65. Kf3 c3
66. Ke2 Nf5 67. g6+ Kg8 68. Bf4 Kg7 69. Kd3 Ne7 70. Be5+ Kh6 71. g7 Kxh5 72.
Bxc3 Kg6 73. Ke4 Kf7 74. Bb2 Nc8 75. Kf4 Kg8 76. Kf5 Nd6+ 1/2-1/2